Risultati della Roma in UEFA Europa League 2020-2021 - Statistics

Statistiche generali
  • Questo quiz è stato fatto 9 volte
  • Il punteggio medio è 8 su 14
Statistiche sulle risposte
Hint Risposta % Corretto
Manchester United - Roma 6-2
100%
Roma - Manchester United 3-2
78%
Roma - Ajax 1-1
67%
Ajax - Roma 1-2
67%
Young Boys - Roma 1-2
56%
Shakhtar Donetsk - Roma 1-2
56%
Roma - Shakhtar Donetsk 3-0
56%
CFR Cluj - Roma 0-2
44%
Sporting Braga - Roma 0-2
44%
Roma - Young Boys 3-1
44%
CSKA Sofia - Roma 3-1
44%
Roma - Sporting Braga 3-1
44%
Roma - CSKA Sofia 0-0
33%
Roma - CFR Cluj 5-0
33%
Nessun quiz corrispondente trovato
Distribuzione punteggi
Percentuale di utenti per punteggio
Percentile per numero di risposta
I tuoi punteggi nel tempo
Non hai fatto questo quiz